000 00394nam a2200157Ia 4500
003 LK-CoDNM
008 010623t1981 xxu||||| |||| 00| 1 eng d
040 _aLK-CoDNM
_dLK-CoDNM
_eLK-CoDNM
041 _aeng
080 _a343.57
_bSRI
245 _aDrug Abuse Prevention Control
260 _bColombo Plan Bureau
_aColombo
_c1981
300 _bp.201, 23 cm
650 _aAlcohol
942 _cBK
999 _c111474
_d111474